<?xml version="1.0" encoding="UTF-8"?>
<collection xmlns="http://www.loc.gov/MARC21/slim">
 <record>
  <leader>02027cam a2200421   4500</leader>
  <controlfield tag="001">1079946357</controlfield>
  <controlfield tag="003">DE-627</controlfield>
  <controlfield tag="005">20240425191629.0</controlfield>
  <controlfield tag="007">tu</controlfield>
  <controlfield tag="008">850101s1975    xx |||||      00| ||ger c</controlfield>
  <datafield tag="035" ind1=" " ind2=" ">
   <subfield code="a">(DE-627)1079946357</subfield>
  </datafield>
  <datafield tag="035" ind1=" " ind2=" ">
   <subfield code="a">(DE-576)009946357</subfield>
  </datafield>
  <datafield tag="035" ind1=" " ind2=" ">
   <subfield code="a">(DE-599)BSZ009946357</subfield>
  </datafield>
  <datafield tag="035" ind1=" " ind2=" ">
   <subfield code="a">(OCoLC)02894169</subfield>
  </datafield>
  <datafield tag="040" ind1=" " ind2=" ">
   <subfield code="a">DE-627</subfield>
   <subfield code="b">ger</subfield>
   <subfield code="c">DE-627</subfield>
   <subfield code="e">rakwb</subfield>
  </datafield>
  <datafield tag="041" ind1=" " ind2=" ">
   <subfield code="a">ger</subfield>
  </datafield>
  <datafield tag="082" ind1="0" ind2=" ">
   <subfield code="a">709.93202</subfield>
  </datafield>
  <datafield tag="084" ind1=" " ind2=" ">
   <subfield code="a">6,21</subfield>
   <subfield code="a">6,14</subfield>
   <subfield code="a">1</subfield>
   <subfield code="2">ssgn</subfield>
  </datafield>
  <datafield tag="084" ind1=" " ind2=" ">
   <subfield code="a">LE 6400</subfield>
   <subfield code="2">rvk</subfield>
   <subfield code="0">(DE-625)rvk/91123:</subfield>
  </datafield>
  <datafield tag="084" ind1=" " ind2=" ">
   <subfield code="a">LF 5850</subfield>
   <subfield code="2">rvk</subfield>
   <subfield code="0">(DE-625)rvk/91795:</subfield>
  </datafield>
  <datafield tag="245" ind1="1" ind2="0">
   <subfield code="a">Kunst der Ptolemäer- und Römerzeit im Ägyptischen Museum Kairo</subfield>
   <subfield code="c">Günter Grimm. Aufnahmen von Dieter Johannes. [Deutsches Archäologisches Institut, Abteilung Kairo]</subfield>
  </datafield>
  <datafield tag="264" ind1=" " ind2="1">
   <subfield code="a">Mainz</subfield>
   <subfield code="b">Zabern</subfield>
   <subfield code="c">1975</subfield>
  </datafield>
  <datafield tag="300" ind1=" " ind2=" ">
   <subfield code="a">34 S., 118 Taf.</subfield>
   <subfield code="b">überwiegend Ill., Kt.</subfield>
  </datafield>
  <datafield tag="336" ind1=" " ind2=" ">
   <subfield code="a">Text</subfield>
   <subfield code="b">txt</subfield>
   <subfield code="2">rdacontent</subfield>
  </datafield>
  <datafield tag="337" ind1=" " ind2=" ">
   <subfield code="a">ohne Hilfsmittel zu benutzen</subfield>
   <subfield code="b">n</subfield>
   <subfield code="2">rdamedia</subfield>
  </datafield>
  <datafield tag="338" ind1=" " ind2=" ">
   <subfield code="a">Band</subfield>
   <subfield code="b">nc</subfield>
   <subfield code="2">rdacarrier</subfield>
  </datafield>
  <datafield tag="583" ind1="1" ind2=" ">
   <subfield code="a">Archivierung/Langzeitarchivierung gewährleistet</subfield>
   <subfield code="f">SSG</subfield>
   <subfield code="x">XA-DE-BW</subfield>
   <subfield code="2">pdager</subfield>
   <subfield code="5">DE-21</subfield>
  </datafield>
  <datafield tag="583" ind1="1" ind2=" ">
   <subfield code="a">Archivierung/Langzeitarchivierung gewährleistet</subfield>
   <subfield code="f">SSG</subfield>
   <subfield code="x">XA-DE-BW</subfield>
   <subfield code="2">pdager</subfield>
   <subfield code="5">DE-16</subfield>
  </datafield>
  <datafield tag="700" ind1="1" ind2=" ">
   <subfield code="a">Grimm, Günter</subfield>
   <subfield code="4">oth</subfield>
  </datafield>
  <datafield tag="700" ind1="1" ind2=" ">
   <subfield code="a">Johannes, Dieter</subfield>
   <subfield code="0">(DE-588)1029138508</subfield>
   <subfield code="0">(DE-627)732484936</subfield>
   <subfield code="0">(DE-576)376591315</subfield>
   <subfield code="4">oth</subfield>
  </datafield>
  <datafield tag="787" ind1="0" ind2="8">
   <subfield code="i">Rezensiert in</subfield>
   <subfield code="a">Cüppers, Heinz, 1929 - 2005</subfield>
   <subfield code="t">[Rezension von: G. Grimm, D. Johannes, Kunst der Ptolemäer- und Römerzeit im Ägyptischen Museum Kairo]</subfield>
   <subfield code="d">1976</subfield>
   <subfield code="w">(DE-627)1853823872</subfield>
  </datafield>
  <datafield tag="889" ind1=" " ind2=" ">
   <subfield code="w">(DE-576)451932277</subfield>
  </datafield>
  <datafield tag="935" ind1=" " ind2=" ">
   <subfield code="a">mteo</subfield>
  </datafield>
  <datafield tag="936" ind1="r" ind2="v">
   <subfield code="a">LE 6400</subfield>
   <subfield code="b">Hellenistische Kulturen des Orients</subfield>
   <subfield code="k">Klassische Archäologie</subfield>
   <subfield code="k">Nachbarwissenschaften</subfield>
   <subfield code="k">Hellenistische Kulturen des Orients</subfield>
   <subfield code="0">(DE-627)1270921339</subfield>
   <subfield code="0">(DE-625)rvk/91123:</subfield>
   <subfield code="0">(DE-576)200921339</subfield>
  </datafield>
  <datafield tag="936" ind1="r" ind2="v">
   <subfield code="a">LF 5850</subfield>
   <subfield code="b">Kairo</subfield>
   <subfield code="k">Klassische Archäologie</subfield>
   <subfield code="k">Museen - Sammlungen - Ausstellungen</subfield>
   <subfield code="k">Kataloge der öffentlichen Museen</subfield>
   <subfield code="k">Orte K</subfield>
   <subfield code="k">Kairo</subfield>
   <subfield code="0">(DE-627)1272256553</subfield>
   <subfield code="0">(DE-625)rvk/91795:</subfield>
   <subfield code="0">(DE-576)202256553</subfield>
  </datafield>
  <datafield tag="951" ind1=" " ind2=" ">
   <subfield code="a">BO</subfield>
  </datafield>
  <datafield tag="991" ind1=" " ind2=" ">
   <subfield code="a">Rezensiertes Werk</subfield>
  </datafield>
  <datafield tag="999" ind1=" " ind2=" ">
   <subfield code="a">KXP-PPN1079946357</subfield>
   <subfield code="e">4581916666</subfield>
  </datafield>
 </record>
</collection>
